| Поле | Инд. | ПП | Название | Значение |
|---|---|---|---|---|
| Тип записи | a | |||
| Библиографический уровень | m | |||
| 001 | Контрольный номер | b5f2281a861a4b79b61d0f71db93efb4 | ||
| 005 | Дата корректировки | 20241203131222.2 | ||
| 020 | a | ISBN | 978-5-7995-1373-3 | |
| 040 | b | Код языка каталог. | rus | |
| e | Правила каталог. | PSBO | ||
| 041 | 0_ | a | Код языка текста | rus |
| 080 | a | Индекс УДК | 691:001 | |
| 080 | a | Индекс УДК | 691:519 | |
| 090 | x | Авторский знак | И 66 | |
| a | Полочн. индекс | 691 | ||
| 097 | b | Оператор | *Ви* | |
| 245 | 10 | a | Заглавие | Инновации и моделирование в строительном материаловедении и строительстве |
| b | Продолж. заглавия | материалы VII Всероссийской научно-практической конференции (5 июня 2024 г., Тверь) | ||
| c | Ответственность | Тверской государственный технический университет | ||
| c | Ответственность | под редакцией В.В. Белова | ||
| 260 | a | Место издания | Тверь | |
| b | Издательство | ТвГТУ | ||
| c | Дата издания | 2024 | ||
| 300 | a | Объем | 136 с. | |
| 516 | 8_ | a | Прим. о типе комп. файла/ данных | Текст : электронный |
| 520 | 0_ | a | Аннотация | Труды, включенные в сборник, посвящены возможностям математического моделирования, прогнозирования свойств и проведения автоматизированных расчетов, определяющим современные инновационные подходы и методологию развития строительных технологий и процессов подготовки специалистов, работающих в данной сфере. Предназначены для научных и инженерно-технических работников, научно-исследовательских, проектных и производственных организаций, а также докторантов, аспирантов, магистрантов и студентов вузов строительного профиля. Авторы статей несут ответственность за достоверность приведенных в них сведений. |
| 535 | 1_ | a | Хранилище | Сервер |
| 653 | 0_ | a | Ключевые слова | Инновации |
| a | Ключевые слова | Моделирование | ||
| a | Ключевые слова | Строительное материаловедение | ||
| a | Ключевые слова | Монолитные конструкции | ||
| a | Ключевые слова | Строительство | ||
| a | Ключевые слова | Бетоны | ||
| 655 | 07 | a | Жанр/ форма (устаревшее) | М |
| 900 | a | Имя макрообъекта | 001-000163757-000000000-0000-0000-01 | |
| 901 | t | Тип документа | m | |
| 905 | b | Дата создания записи обработка | 19.11.24 | |
| 951 | i | EL-ТГТУ? | Да | |
| 952 | a | Тип литературы для КСУ ВШ | М | |
| 990 | h | N записи в КСУ для Б/У (DOS) | 44/2024э | |
| g | Размещение заказа (DOS) | РИЦ |